00654nam a2200133 a 450000100100000000500170001000800410002704000250006808200150009310000370010824502570014526000900040230000280049200001642920200929164425.0100305s1985 dr a 000 0 spa d aDO-SdBNPbspacBNPHU axxxbH557e1 aHernández Castillo, Ángel E.10aEvaluación de la eficacia del currículo del primer ciclo de la enseñanza primaria reformada :b(informe final) /cÁngel E. Hernández Castillo; colaboración de Rosa María Reyes de García, Luz N. Reynoso de Díaz, Ana Silvia Peralta Gil. aSanto Domingo :bSecretaría de Estado de Educación, Bellas Artes y Cultos,c1985. a328 p. :bil. ;c22 cm.